000 00324nam a22001337a 4500
008 170627b xxu||||| |||| 00| 0 eng d
020 _a9780872498624
041 _aeng
080 _a327
100 _a21
101 _ashp
245 _aTHE EVOLUTION OF THEORY IN INTERNATIONAL RELATIONS
_cROTHSTEIN, R.L
942 _2udc
_cBK
999 _c19146
_d19146